| 000 | 00435 a2200169 4500 | ||
|---|---|---|---|
| 020 | _a0195667573 | ||
| 022 | _a9780195667578 | ||
| 082 | _a658.505 | ||
| 090 |
_c6607 _d6607 |
||
| 100 | _aBedi,Kanishka. | ||
| 245 |
_aProduction and Operations Management. _cKanishka Bedi. |
||
| 250 | _a1st. | ||
| 260 |
_aNew Delhi. _bOxford university press. _c2004. |
||
| 300 | _a539p. | ||
| 500 | _aPaper cover. | ||
| 942 |
_aNBS _cBK _k658.505 BED |
||
| 999 |
_c348965 _d348965 |
||